Largest Cities in the British Isles (with a map) - Statistics

General Stats
  • This quiz has been taken 752 times
  • The average score is 9 of 11
Answers on the Map
Answers color-coded by a green-red scale on the quiz's map according to % correct below.
 
Answer Stats
# City % Correct
14.7 mil London
100%
1.37 mil Dublin
98%
3.05 mil Manchester
96%
1.87 mil Liverpool
95%
3.13 mil Birmingham
94%
1.66 mil Glasgow
94%
2.15 mil Leeds
86%
1.47 mil Newcastle
85%
1.56 mil Sheffield
69%
1.38 mil Nottingham
66%
1.16 mil Southampton
64%
No matching quizzes found
Score Distribution
Percent of People with Each Score
Percentile by Number Answered
Your Score History
You have not taken this quiz